| 000 | 00799nam a22002297a 4500 | ||
|---|---|---|---|
| 999 |
_c7093 _d7093 |
||
| 003 | AR-CdUCM | ||
| 008 | 190319b ||||| |||| 00| 0 spa d | ||
| 020 | _a0-02-313110-1 | ||
| 040 |
_aMUNICIPALIDAD PROVINCIAL DEL CUSCO _cBIBLIOTECA MUNICIPAL DEL CUSCO |
||
| 041 | _heng | ||
| 082 |
_22ed. _a658.7 / _bB78 |
||
| 100 |
_aBowersox, Donald _919981 |
||
| 245 |
_aLogistical management : _bA systems integration of physical distribution management and materials management / |
||
| 260 |
_aUnited State of America : _bMacmillan, _c1978. |
||
| 300 |
_a528 paginas ; _bIlustraciones, diagramas, cuadros, _c23 cm. |
||
| 505 | _aLogistical management. | ||
| 650 |
_aLogistical _919982 |
||
| 650 |
_amanagement : _919983 |
||
| 650 |
_asystems integration _919984 |
||
| 942 |
_2ddc _cLIBROS |
||
| 945 | _awnts | ||